01303nam0a22002531 4500001001100000005001700011021001900028035002600047100004100073101000800114102000700122105001800129200034100147210003200488215001500520300007000535606011600605606011500721702003000836712012400866801001800990801002201008852001901030rc\498988820260408081542.0 aRUb[63-36931] a(NLR Aleph) 008986968 a20130430d1963 |||y0rusy50 ca0 arus aRU ay z |||||1 aСанитарные правила работы с закрытыми источниками излучения при радиометрических исследованиях разрезов буровых скважинe[Утв. 19/XI 1962 г.]fГос. сан. инспекция М-ва здравоохранения СССР aМоскваcБ. и.d1963 a31 с.d20 aНа 1-й с. авт. разработки: Гурьев А.Ф. aИонизирующие излученияxСанитарные условия работы с ними2psbo aБуровые скважиныxИсследованиеxРадиометрический метод2psbo 1aГурьевbА.Ф.457001aСССРbГлавная государственная санитарная инспекция3RU\NLR\AUTH\8810124909 0aRUbNLRgpsbo 1aRUbELAR2rusmarc aNLRj63-4/8855